<?xml version="1.0" encoding="UTF-8"?>
<record
    xmlns:xsi="http://www.w3.org/2001/XMLSchema-instance"
    xsi:schemaLocation="http://www.loc.gov/MARC21/slim http://www.loc.gov/standards/marcxml/schema/MARC21slim.xsd"
    xmlns="http://www.loc.gov/MARC21/slim">

  <leader>00538nam a22001697a 4500</leader>
  <datafield tag="999" ind1=" " ind2=" ">
    <subfield code="c">172512</subfield>
    <subfield code="d">172512</subfield>
  </datafield>
  <controlfield tag="005">20200206125315.0</controlfield>
  <datafield tag="010" ind1=" " ind2=" ">
    <subfield code="a">318285</subfield>
  </datafield>
  <datafield tag="035" ind1=" " ind2=" ">
    <subfield code="a">318285</subfield>
  </datafield>
  <datafield tag="037" ind1=" " ind2=" ">
    <subfield code="b">BPPD/Pub.</subfield>
  </datafield>
  <datafield tag="082" ind1=" " ind2=" ">
    <subfield code="a">841.09</subfield>
  </datafield>
  <datafield tag="100" ind1=" " ind2=" ">
    <subfield code="a">&#x639;&#x628;&#x62F;&#x627;&#x644; &#x62D;&#x631;&#x62E;&#x627;&#x6BA; &#x62E;&#x644;&#x6CC;&#x644;</subfield>
  </datafield>
  <datafield tag="245" ind1=" " ind2=" ">
    <subfield code="a">&#x627;&#x631;&#x62F;&#x648; &#x648; &#x63A;&#x632;&#x644; &#x6A9;&#x6D2; &#x67E;&#x686;&#x627;&#x633; &#x633;&#x627;&#x644; /</subfield>
    <subfield code="c">&#x639;&#x628;&#x62F; &#x627;&#x644; &#x62D;&#x631;&#x62E;&#x627;&#x6BA; &#x62E;&#x644;&#x6CC;&#x644;</subfield>
  </datafield>
  <datafield tag="246" ind1=" " ind2=" ">
    <subfield code="a">Urdu-O-Ghazal Ke Pachas Saal /</subfield>
    <subfield code="b">by Abdul Harkhan Khaleel</subfield>
  </datafield>
  <datafield tag="260" ind1=" " ind2=" ">
    <subfield code="a">Lucknow</subfield>
    <subfield code="b">Maktaba Kulliyan</subfield>
    <subfield code="c">1961 &#x621;</subfield>
  </datafield>
  <datafield tag="300" ind1="h" ind2=" ">
    <subfield code="a">470p.</subfield>
    <subfield code="c">18cm(Hb)</subfield>
  </datafield>
  <datafield tag="942" ind1=" " ind2=" ">
    <subfield code="2">ddc</subfield>
    <subfield code="c">UR</subfield>
    <subfield code="h">841.09</subfield>
    <subfield code="m">&#x639; &#x628; &#x62F;</subfield>
  </datafield>
  <datafield tag="952" ind1=" " ind2=" ">
    <subfield code="0">0</subfield>
    <subfield code="1">0</subfield>
    <subfield code="4">0</subfield>
    <subfield code="7">0</subfield>
    <subfield code="8">NFIC</subfield>
    <subfield code="a">L</subfield>
    <subfield code="b">L</subfield>
    <subfield code="d">2020-02-06</subfield>
    <subfield code="e">BPPD/Ven.</subfield>
    <subfield code="l">0</subfield>
    <subfield code="o">841.09 &#x639; &#x628; &#x62F;</subfield>
    <subfield code="p">318285</subfield>
    <subfield code="r">2020-02-06 00:00:00</subfield>
    <subfield code="t">1</subfield>
    <subfield code="w">2020-02-06</subfield>
    <subfield code="y">UR</subfield>
  </datafield>
</record>
